00433cam a2200169ua 45000010005000000080039000050200018000440400009000620820008000711000024000792450049001032500009001522600044001613000017002056530014002226530027002361914110811n ii |||gr||||Z||||||eng a81-7040-400-2 cMAIN a370 aHeggade, Odeyar D.,1 aEconomics of educationcby Odeyar D. Heggade a1st. aBombay:bHimalaya publishing house,992. a323p:c23cm. aEducation aEconomics of education